Statistiques concernant Kikadi 4 ?

Cliquez ici pour prendre le quiz!

Statistiques générales

  • Ce quiz a été pris 96 fois
  • Le résultat moyen est 12 sur 25

Statistiques - réponses

AuteurCitationIndice% Correct
Sherlock HolmesElémentaire mon cher WatsonPersonnage littéraire
95%
TiteufC'est pô juste...Personnage de B.D
88%
Forest GumpMaman disait toujours, "la vie, c'est comme une boîte de chocolats : on ne sait jamais sur quoi on va tomberPersonnage de film
78%
MilkaEt la marmotte, elle met le chocolat dans le papier aluMarque de chocolat
75%
Charles de GaulleVive le Québec libre !Homme politique
68%
BourvilAh ! Bah, maintenant, elle va marcher beaucoup moins bien, forcément !Acteur
59%
Gaston LagaffeM'enfin !Personnage de B.D
59%
South ParkOh mon Dieu ! Ils ont tué Kenny !Série TV
56%
MolièreMais que diable allait-il faire dans cette galère ?Dramaturge
51%
Valéry Giscard d'EstaingVous n'avez pas le monopole du cœurHomme politique
51%
CorneilleVa, je ne te hais pointDramaturge
47%
Les NulsVous voulez un whisky? - Oh! juste un doigt. - Vous ne voulez pas un whisky d'abord?Humoristes
47%
Charles BaudelaireSes ailes de géant l'empêchent de marcher.Poète
46%
Arnold SchwarzeneggerHasta la vista, babyActeur
45%
Chevalier & LaspalèsC'est vous qui voyez !Humoristes
45%
ColumboQuand je vais dire ça à ma femme...Personnage de série US
45%
Jean-Claude Van DammeUne noisette, j'la casse entre mes fesses tu vois...Acteur belge
43%
Lao TseuSi quelqu'un t'a offensé, ne cherche pas à te venger. Assieds-toi au bord de la rivière et bientôt tu verras passer son cadavre.Sage chinois
35%
Philippe BouvardQuestion de Mme Bellepaire, de LochesJournaliste et Homme de radio
29%
Nestlé Chocosui’sTu pousses le bouchon un peu trop loin, Maurice !Marque de chocolat
26%
Paul VerlaineJe fais souvent ce rêve étrange et pénétrantPoète
25%
Woody AllenL'avantage d'être intelligent, c'est qu'on peut toujours faire l'imbécile, alors que l'inverse est totalement impossible.Réalisateur américain
23%
Roger GicquelLa France a peurPrésentateur du JT
14%
Frédéric DardLe sexe masculin est ce qu'il y a de plus léger au monde, une simple pensée le soulève.Ecrivain
3%
Jean AnouilhPourquoi contredire une femme ? Il est tellement plus simple d'attendre qu'elle change d'avis !Dramaturge français du 20e siècle
1%

Distribution des résultats

Percentile par nombre de réponses

% des personnes avec chaque résultat

Votre développement - résultats

Vous n’avez pas pris ce quiz